000 00784nam a2200241 i 4500
001 88729
003 ES-MaACL
005 20250731070340.0
007 t|
008 041202s1987 sp ||||1| spa d
020 _a84-206-6520-7
080 _a801.562/.563
100 1 _aStubbs, Michael.
_9108489
245 1 0 _aAnálisis del discurso
_b: análisis sociolingüístico del lenguaje natural /
_cMichael Stubbs ; versión española de Celina González.
260 _aMadrid :
_bAlianza Editorial,
_c[1987]
300 _a256 p. ;
_c23 cm.
490 1 _aAlianza psicología
650 1 7 _aAnálisis del discurso
_2embne
_99764
700 1 _aGonzález, Celina.
_958300
830 0 _aAlianza psicología
_9178168
852 _aES-MaACL
_jE-10575
_bR.134685
999 _c88729
_d88729